000 00766nam a2200289Ia 4500
005 20260324130405.0
008 008 260324s9999 xx 000 0 eng d
020 _a9780203938164
037 _aEBOOK
040 _aCRL
040 _beng
040 _cCRL
041 _2eng
041 _aeng
084 _qCRL
100 _aNicholas Ladany; Jessica A. Walker; Lia M. Pate-Carolan; Laurie Gray Evans
_91181581
245 0 _aPracticing Counseling and Psychotherapy
245 0 _bInsights from Trainees, Supervisors and Clients
260 _bTaylor and Francis
260 _c2007
365 _a
365 _b220
856 _uhttp://www.taylorfrancis.com/books/9780203938164
942 _cEBOOK
999 _c1777735
_d1777735